AP EURO UNIT 5 - Statistics

General Stats
  • This quiz has been taken 12 times
  • The average score is 7 of 17
Answer Stats
Hint Answer % Correct
French military leader and Emperor known for his vast expansion of the empire across Europe and lasting reforms like the __________ic codes Napoleon
75%
Battle of Waterloo/Napoleon Dies 1815
67%
King of France from 1643 to 1715, who centralized royal power, built the Palace of Versailles as a symbol of absolute monarchy, and expanded France's influence through wars and cultural dominance. Louis XIV
58%
French Civil Code that standardized laws concerning family, property, & individual rights. Had an emphasis on equality among french men. Napoleonic Code
58%
Napoleon becomes Emperor 1804
50%
Congress of Vienna 1814
50%
A meeting of European powers afterthe Napoleonic Wars to discuss territorial boundaries and balance of power Congress Of Vienna
50%
A machine used during the French revolution which was designed to quickly kill with decapitation Guillotine
50%
French revolutionary leader who was an advocate for radical changes and encouraged the killing of over 17,000 via guillotine before executing himself Robespierre
50%
An oath taken by members of the third estate, vowing to not separate until a new french constitution is drafted. Popular sovereignty>Royal authority Tennis-CourtOath
50%
Louis XVI Becomes King of France 1774
42%
Storm of Bastille 1789
33%
Execution of Anne & Marie 1793
33%
Estates General Called 1788
25%
Napoleon becomes first consul 1799
25%
A period of French panic when French peasants panicked about nobles trying to stop the revolution. As long as the revolution continued, feudal rights allowed for peasants and nobles to be treated equally. Great Fear
17%
Seven Years War 1756-1763
8%
No matching quizzes found
Score Distribution
Percent of People with Each Score
Percentile by Number Answered
Your Score History
You have not taken this quiz